Statistical methods for reliability data

Shranjeno v:
Bibliografske podrobnosti
Main Authors: Meeker, William Q. (autor), Escobar, Luis A (Author)
Format: Knjiga
Jezik:angleščina
Izdano: Nueva York John Wiley 1998
Serija:Wiley Series in Probability and Statistics
Teme:
Oznake: Označite
Brez oznak, prvi označite!

MARC

LEADER 00000nam a2200000 a 4500
001 UCQ4009
003 CL-VaPUC
008 980829e19980000US |||||||||||||||||eng|d
082 0 4 |a 620.004  |b MEE  |2 21 
100 |a Meeker, William Q.  |e autor  |9 418233 
700 0 |a Escobar, Luis A  |e author  |9 418234 
245 1 0 |a Statistical methods for reliability data 
300 |a 680 p 
942 |c BK 
945 |d 19980829 00:00:00  |a aarredon 
260 |a Nueva York  |b John Wiley  |c 1998 
650 0 |a Estadística matemática  |9 260028 
650 0 |a Métodos estadísticos   |9 259407 
650 0 |a Ingeniería de sistemas   |9 261019 
650 0 |a Análisis de sistemas   |9 260059 
650 0 |a Diseño de sistemas  |9 262363 
583 |a last modification  |c 19980829 00:00:00  |k Rodrigo Vera 
490 0 |a Wiley Series in Probability and Statistics 
999 |c 274514  |d 274512 
952 |0 0  |1 0  |4 0  |6 620_004000000000000_MEE_1998  |7 0  |8 A  |9 310698  |a BIBGIM  |b BIBGIM  |d 2019-11-20  |i 3456021  |o 620.004 MEE 1998  |p 3456021  |r 2025-01-15  |w 2019-11-20  |y BK  |k EST